KOHA-Header-6

Human Computer Interaction (Record no. 674)

000 -LEADER
fixed length control field 00294nam a2200121Ia 4500
008 - FIXED-LENGTH DATA ELEMENTS--GENERAL INFORMATION
fixed length control field 190722s9999 xx 000 0 und d
020 ## - INTERNATIONAL STANDARD BOOK NUMBER
International Standard Book Number 978-81-317-1703-5
100 ## - MAIN ENTRY--PERSONAL NAME
Personal name Alan Dix Russell
245 #0 - TITLE STATEMENT
Title Human Computer Interaction
260 ## - PUBLICATION, DISTRIBUTION, ETC. (IMPRINT)
Place of publication, distribution, etc India
Name of publisher, distributor, etc Pearson Ed.
Date of publication, distribution, etc 2004
300 ## - PHYSICAL DESCRIPTION
Extent 834
942 ## - ADDED ENTRY ELEMENTS (KOHA)
Koha item type Books
Holdings
Withdrawn status Lost status Source of classification or shelving scheme Damaged status Not for loan Collection code Permanent Location Current Location Shelving location Date acquired Total Checkouts Full call number Barcode Date last seen Date checked out Price effective from Koha item type
          Computer Science MAJU MAJU Shelf No.A32 2019-07-22 1 4.019 7300 2025-07-15 2025-03-01 2019-07-22 Computer Science

Powered by Koha